[Event "Women's Speed Chess Q4"]
[Site "chess.com INT"]
[Date "2021.06.03"]
[Round "9"]
[White "Potapova, Margarita"]
[Black "Tokhirjonova, Gulrukhbegim"]
[Result "1/2-1/2"]
[WhiteTitle "WIM"]
[BlackTitle "WGM"]
[WhiteElo "2252"]
[BlackElo "2350"]
[WhiteFideId "14126869"]
[BlackFideId "14203626"]
[EventDate "2021.06.03"]

1. d4 Nf6 2. c4 e6 3. Nc3 Bb4 4. Qc2 O-O 5. e4 d5 6. e5 Ne4 7. Bd3 c5 8. Nf3 Nc6
9. O-O Bxc3 10. bxc3 cxd4 11. cxd4 Nb4 12. Qb3 Nxd3 13. Qxd3 Bd7 14. cxd5 exd5
15. Nd2 Bf5 16. Nxe4 Bxe4 17. Qb3 b6 18. Ba3 Re8 19. f3 Bf5 20. Rac1 Qg5 21. Rc3
Rad8 22. Bc1 Qe7 23. Ba3 Qh4 24. Rd1 h5 25. Qb2 Rc8 26. Rcc1 Qf4 27. Qd2 Qh4 28.
Qf2 Qg5 29. Qd2 Qg6 30. Rxc8 Rxc8 31. Rc1 h4 32. Rxc8+ Bxc8 33. Qc1 Be6 34. Qd2
h3 35. g3 Qf5 36. Kf2 Qb1 37. Bd6 Qh1 38. Ke3 Kh7 39. g4 Qg1+ 40. Qf2 Qc1+ 41.
Qd2 Qf1 42. Qf2 Qc1+ 43. Qd2 Qh1 44. Qf2 g5 45. Qe2 Kg7 46. Qd2 f5 47. exf6+
Kxf6 48. Be5+ Kf7 49. Qc2 Qe1+ 50. Kd3 Qf1+ 51. Ke3 Qe1+ 52. Kd3 Qf1+ 53. Ke3
Qg1+ 54. Kd3 Qf1+ 1/2-1/2

[Event "Women's Speed Chess Q4"]
[Site "chess.com INT"]
[Date "2021.06.03"]
[Round "9"]
[White "Kairbekova, Amina"]
[Black "Doluhanova, Evgeniya"]
[Result "0-1"]
[WhiteTitle "WFM"]
[BlackTitle "WGM"]
[WhiteElo "2132"]
[BlackElo "2207"]
[WhiteFideId "13712799"]
[BlackFideId "14112035"]
[EventDate "2021.06.03"]

1. e4 e5 2. Nf3 Nc6 3. Nc3 Nf6 4. Bb5 Bb4 5. O-O O-O 6. d3 Bxc3 7. bxc3 d5 8.
exd5 Qxd5 9. Bc4 Qd8 10. Bg5 Bg4 11. h3 Bh5 12. g4 Bg6 13. Re1 h6 14. Bh4 e4 15.
dxe4 Qxd1 16. Raxd1 Nxe4 17. Rd7 Nxc3 18. Rxc7 Rac8 19. Rxc8 Rxc8 20. Bb3 Nb4
21. Ne5 Nxc2 22. Nxg6 Nxe1 23. Ne7+ Kf8 24. Nxc8 Nf3+ 25. Kg2 Nxh4+ 26. Kg3 Ng6
27. Nd6 Ne2+ 28. Kg2 Ngf4+ 29. Kf3 g5 30. Nxb7 Nd4+ 31. Ke3 Nxb3 32. axb3 Nxh3
33. Nd6 Nf4 34. Nf5 h5 35. gxh5 Nxh5 36. f3 Nf4 37. b4 Nd5+ 38. Kd4 Nxb4 39. Ke5
a5 40. Nd4 a4 41. Nb5 Nc2 42. Nc3 a3 43. Na2 Ne1 44. Kf5 Nxf3 45. Kg4 Ne5+ 46.
Kxg5 Ke7 47. Kf5 f6 48. Nb4 Kf7 49. Na2 Nc6 50. Nc3 Nb4 0-1

[Event "Women's Speed Chess Q4"]
[Site "chess.com INT"]
[Date "2021.06.03"]
[Round "9"]
[White "Li, Xueyi"]
[Black "Bommini, Mounika Akshaya"]
[Result "1-0"]
[WhiteTitle "WGM"]
[BlackTitle "WFM"]
[WhiteElo "2328"]
[BlackElo "2029"]
[WhiteFideId "8605912"]
[BlackFideId "25019872"]
[EventDate "2021.06.03"]

1. d4 Nf6 2. c4 c5 3. d5 e6 4. Nc3 exd5 5. cxd5 d6 6. Nf3 g6 7. Bf4 a6 8. a4 Bg7
9. h3 O-O 10. e3 Qc7 11. Bd3 Nbd7 12. O-O Rb8 13. Nd2 Ne8 14. Nc4 Ne5 15. Nxe5
dxe5 16. Bg3 Nd6 17. Be2 b5 18. f4 exf4 19. Bxf4 f5 20. e4 Bd4+ 21. Kh1 b4 22.
e5 bxc3 23. bxc3 Bxc3 24. exd6 Qd7 25. Rc1 Bd4 26. Rc4 Re8 27. Bf3 Bb7 28. Rxd4
cxd4 29. Qxd4 Ba8 30. Bd2 Qxd6 31. Bc3 Re7 32. Qh8+ Kf7 33. Qxh7+ Ke8 34. Qh8+
Kd7 35. Qd4 Rb3 36. Ba5 Rb7 37. Bd1 Qe5 38. Qd3 Rb8 39. Qxa6 Qxd5 40. Qa7+ Rb7
41. Qf2 Rb1 42. Bd2 Kd6 43. Bf3 Qc5 44. Qxc5+ Kxc5 45. Rxb1 Bxf3 46. gxf3 Re2
47. Bg5 Ra2 48. Rc1+ Kd4 49. Rc6 Rxa4 50. Rxg6 Ra3 51. Kg2 1-0

[Event "Women's Speed Chess Q4"]
[Site "chess.com INT"]
[Date "2021.06.03"]
[Round "9"]
[White "Chu, Ruotong"]
[Black "Fominykh, Maria"]
[Result "0-1"]
[WhiteTitle "WIM"]
[BlackTitle "WGM"]
[WhiteElo "2207"]
[BlackElo "2206"]
[WhiteFideId "8605653"]
[BlackFideId "4142411"]
[EventDate "2021.06.03"]

1. Nf3 Nf6 2. g3 g6 3. Bg2 Bg7 4. O-O O-O 5. d3 d6 6. a4 Nc6 7. c3 a5 8. Na3 e5
9. Bg5 h6 10. Bd2 Be6 11. Rb1 Qd7 12. Nb5 Ne7 13. Re1 c6 14. Na3 Bh3 15. Bh1 Nh5
16. Nc4 Ra6 17. b4 axb4 18. cxb4 b5 19. axb5 cxb5 20. Na5 Nf4 21. Bc3 Ned5 22.
Bd2 g5 23. e4 Nb6 24. Be3 Na4 25. Qd2 Rc8 26. Rec1 Raa8 27. d4 Nc3 28. Rxc3 Rxc3
29. Bxf4 exd4 30. Nxd4 gxf4 31. Qxc3 fxg3 32. hxg3 Qa7 33. Rd1 Re8 34. Nac6 Qc7
35. Qe3 Qb6 36. g4 Bxg4 37. Rd2 Bd7 38. f3 Bxc6 39. Kg2 Bd7 40. Kf2 Qa7 41. Bg2
Qa1 42. Nf5 Bxf5 43. Qe2 Be6 44. Kg3 Qe5+ 45. Kf2 Qg5 46. Rd1 Bc4 47. Kf1 Qh4
48. Qxc4 bxc4 0-1

[Event "Women's Speed Chess Q4"]
[Site "chess.com INT"]
[Date "2021.06.03"]
[Round "9"]
[White "Zaichenko, Daria"]
[Black "Varshini, V"]
[Result "0-1"]
[WhiteTitle "WFM"]
[BlackTitle "WGM"]
[WhiteElo "2104"]
[BlackElo "2226"]
[WhiteFideId "4197453"]
[BlackFideId "5091241"]
[EventDate "2021.06.03"]

1. e4 c5 2. Nf3 d6 3. d4 cxd4 4. Nxd4 Nf6 5. Nc3 a6 6. Be2 e6 7. Be3 Be7 8. f4
O-O 9. O-O Qc7 10. Nb3 b5 11. a3 Bb7 12. Bf3 Nbd7 13. f5 Ne5 14. Bf4 Nc4 15. Rb1
e5 16. Bg5 Nxb2 17. Rxb2 Qxc3 18. Rb1 Rfd8 19. Re1 Rac8 20. Rc1 h6 21. Bd2 Qc7
22. Ba5 Qc4 23. Bxd8 Rxd8 24. Qd3 Qc7 25. c4 bxc4 26. Rxc4 Qb8 27. Na5 Ba8 28.
Rb1 Qa7+ 29. Kh1 d5 30. exd5 Bxd5 31. Bxd5 Rxd5 32. Qc3 Qf2 33. Nc6 Bf8 34. Qf3
Qd2 35. Rcc1 e4 36. Qd1 e3 37. Qxd2 exd2 38. Rd1 Ng4 39. Kg1 Ne3 40. Nb4 Rd7 41.
Kf2 Nxd1+ 42. Rxd1 a5 43. Nc2 Be7 44. Ke2 Bg5 45. g3 h5 46. h4 Bh6 47. a4 Kf8
48. Na3 Ke7 49. Nc4 Kf6 50. Nxa5 Ra7 0-1

[Event "Women's Speed Chess Q4"]
[Site "chess.com INT"]
[Date "2021.06.03"]
[Round "9"]
[White "Mkrtchian, Lilit"]
[Black "Yu, Jennifer"]
[Result "0-1"]
[WhiteTitle "IM"]
[BlackTitle "FM"]
[WhiteElo "2388"]
[BlackElo "2312"]
[WhiteFideId "13300601"]
[BlackFideId "2078341"]
[EventDate "2021.06.03"]

1. e4 e5 2. Nf3 Nf6 3. d4 Nxe4 4. Bd3 d5 5. Nxe5 Be7 6. O-O Nc6 7. Nxc6 bxc6 8.
Nd2 Bf5 9. Re1 Nd6 10. Bxf5 Nxf5 11. Qg4 g6 12. Nf3 h5 13. Qf4 O-O 14. c3 Bd6
15. Qg5 Qxg5 16. Bxg5 Rfe8 17. b4 a5 18. a3 axb4 19. axb4 Rxe1+ 20. Rxe1 Ra3 21.
Bd2 f6 22. Kf1 Kf7 23. Ke2 Be7 24. Rb1 Nd6 25. Kd3 Nc4 26. Be1 Ra2 27. Nd2 Na3
28. Rc1 Bd6 29. g3 Nb5 30. Nb3 Ra3 31. Rb1 h4 32. Kc2 Ra2+ 33. Rb2 Na3+ 34. Kc1
Rxb2 35. Kxb2 Nc4+ 36. Kc2 h3 37. Na5 Ke6 38. Nxc6 Kd7 39. Na5 Nxa5 40. bxa5 Kc6
41. a6 Kb6 42. c4 dxc4 43. Kc3 Kxa6 44. Kxc4 c6 45. d5 Kb6 46. Bc3 f5 47. Bd4+
Kc7 48. Be3 Kd7 49. dxc6+ Kxc6 50. f4 Ba3 51. Bf2 Kd6 52. Bd4 Ke6 53. Bf2 Bc1
54. Bd4 g5 55. fxg5 Bxg5 56. Bf2 Ke5 57. Kd3 f4 58. gxf4+ Bxf4 59. Bg1 Kf5 60.
Ke2 Ke4 61. Kf1 Kf3 62. Ke1 Kg2 0-1

[Event "Women's Speed Chess Q4"]
[Site "chess.com INT"]
[Date "2021.06.03"]
[Round "9"]
[White "Vo, Thi Kim Phung"]
[Black "Girya, Olga"]
[Result "0-1"]
[WhiteTitle "WGM"]
[BlackTitle "WGM"]
[WhiteElo "2335"]
[BlackElo "2451"]
[WhiteFideId "12401838"]
[BlackFideId "4195752"]
[EventDate "2021.06.03"]

1. d4 Nf6 2. c4 e6 3. Nc3 d5 4. cxd5 exd5 5. Bg5 Bb4 6. e3 h6 7. Bh4 g5 8. Bg3
Ne4 9. Rc1 h5 10. f3 Nxg3 11. hxg3 c6 12. Bd3 Nd7 13. Ne2 Nf6 14. Kf2 Be6 15. a3
Bd6 16. Na4 Nd7 17. b4 h4 18. gxh4 gxh4 19. Nc5 Qg5 20. f4 Qg7 21. Nxd7 Bxd7 22.
Rh2 Kf8 23. Qh1 Qf6 24. Ng1 Bg4 25. Nf3 Bxf3 26. gxf3 Re8 27. Rd1 Rxe3 28. Kxe3
Qxf4+ 29. Kf2 Qxh2+ 30. Qxh2 Bxh2 31. Kg2 Bf4 32. Kh3 Kg7 33. Rg1+ Kf6 34. Rg4
Bg3 35. a4 Re8 36. Bh7 Re3 37. Rg8 Rxf3 38. Ra8 a6 39. b5 cxb5 40. axb5 axb5 41.
Kg4 Rf4+ 42. Kh3 Rxd4 43. Ra7 b4 44. Rxb7 Rf4 45. Rb5 Ke5 46. Bg8 Kd6 47. Rb7 f6
48. Rb5 Rd4 49. Bf7 Kc6 50. Be8+ Kc7 51. Rc5+ Kd6 52. Rb5 Ke5 53. Bf7 Kf4 54.
Bxd5 Ke3 55. Be6 Kd2 56. Rc5 Rd3 57. Rc4 b3 0-1

[Event "Women's Speed Chess Q4"]
[Site "chess.com INT"]
[Date "2021.06.03"]
[Round "9"]
[White "Petrova, Irina"]
[Black "Vu, Bui Thi Thanh Van"]
[Result "1-0"]
[WhiteTitle "WIM"]
[BlackTitle "WFM"]
[WhiteElo "2110"]
[BlackElo "1750"]
[WhiteFideId "14124122"]
[BlackFideId "12408921"]
[EventDate "2021.06.03"]

1. e4 e6 2. d4 d5 3. Nc3 c5 4. exd5 exd5 5. Bb5+ Bd7 6. Bxd7+ Nxd7 7. Nf3 Ngf6
8. O-O Be7 9. Bg5 c4 10. Re1 O-O 11. Ne5 a6 12. Nxd7 Qxd7 13. Rxe7 Qxe7 14. Nxd5
Qd6 15. Nxf6+ gxf6 16. Bh6 Kh8 17. Bxf8 Rxf8 18. c3 Rg8 19. Qf3 Qb6 20. Re1 Rg6
21. Re2 Kg7 22. h3 Qc7 23. Qe4 b5 24. Qe7 Qc6 25. Qe4 Qc8 26. Kh1 a5 27. d5 b4
28. d6 Rg5 29. Rd2 Qd7 30. Qxc4 bxc3 31. bxc3 h5 32. Kh2 Qb7 33. f3 Qd7 34. Qc7
Qxc7 35. dxc7 Rc5 36. Rd5 Rxc7 37. Rxh5 Rxc3 38. Rxa5 Kg6 39. a4 Ra3 40. Ra8 Kf5
41. a5 Kf4 42. a6 Ke3 43. Ra7 Kf2 44. Rxf7 Rxa6 45. h4 Kf1 46. h5 Rb6 47. h6 f5
48. h7 Rh6+ 49. Kg3 Kg1 50. Rg7 Rh5 51. Kf4 Kf2 52. g4 fxg4 53. fxg4 Rh4 54. Kg5
Kg3 55. Kf5 Kf3 56. g5 Rf4+ 57. Kg6 Rh4 58. Rf7+ Kg4 59. Kg7 Kxg5 60. h8=Q Rxh8
61. Kxh8 Kg6 62. Rf2 1-0

[Event "Women's Speed Chess Q4"]
[Site "chess.com INT"]
[Date "2021.06.03"]
[Round "9"]
[White "Rakshitta, Ravi"]
[Black "Enkhtuul, Altan-Ulzii"]
[Result "0-1"]
[WhiteTitle "WIM"]
[BlackTitle "WGM"]
[WhiteElo "2190"]
[BlackElo "2228"]
[WhiteFideId "25073230"]
[BlackFideId "4901444"]
[EventDate "2021.06.03"]

1. e4 Nf6 2. e5 Nd5 3. d4 d6 4. Nf3 Bg4 5. Be2 e6 6. O-O Be7 7. b3 O-O 8. Bb2
Nd7 9. c4 N5b6 10. h3 Bh5 11. Nbd2 dxe5 12. Nxe5 Bxe2 13. Qxe2 Nf6 14. Ndf3 Nbd7
15. Rad1 c6 16. Rfe1 Qc7 17. d5 cxd5 18. cxd5 Nxd5 19. Rxd5 exd5 20. Nxd7 Rfe8
21. Nde5 Bd6 22. Qd2 Bxe5 23. Bxe5 Qc6 24. Bd4 Re4 25. Rxe4 dxe4 26. Ne5 Qd5 27.
Bc3 Qxd2 28. Bxd2 Rc8 29. Nc4 b5 30. Ne3 g6 31. Kf1 f5 32. Ke2 f4 33. Nd5 Rc2
34. Nxf4 Rxa2 35. b4 a5 36. bxa5 b4 37. Kd1 b3 38. Bc3 Rxf2 39. Nd5 b2 40. Bxb2
Rxb2 41. a6 Rb5 42. Nc7 Ra5 43. Ke2 Ra3 44. g4 Kf7 45. g5 Ke7 46. Nd5+ Kd6 47.
Nf6 Rxa6 48. Nxh7 Ke5 49. Nf6 Ra2+ 50. Ke3 Ra3+ 51. Ke2 Rxh3 52. Ng4+ Kf4 53.
Nf2 Rh2 54. Kf1 e3 55. Nd3+ Ke4 56. Ne1 Rh1+ 57. Ke2 Rh2+ 58. Kd1 Rh5 0-1

[Event "Women's Speed Chess Q4"]
[Site "chess.com INT"]
[Date "2021.06.03"]
[Round "9"]
[White "Buksa, Nataliya"]
[Black "Pham, Le Thao Nguyen"]
[Result "1-0"]
[WhiteTitle "IM"]
[BlackTitle "IM"]
[WhiteElo "2414"]
[BlackElo "2369"]
[WhiteFideId "14123622"]
[BlackFideId "12401226"]
[EventDate "2021.06.03"]

1. e4 c6 2. Nc3 d5 3. Nf3 Bg4 4. h3 Bxf3 5. Qxf3 e6 6. g3 Nd7 7. Bg2 Ngf6 8. O-O
Be7 9. d4 dxe4 10. Nxe4 Nxe4 11. Qxe4 O-O 12. Qd3 a5 13. Be3 a4 14. c4 Nf6 15.
b3 Qa5 16. Bd2 Qa6 17. Bc3 Rfd8 18. Qe3 Qb6 19. b4 a3 20. Rab1 Ra4 21. Rb3 Qa6
22. b5 Qa8 23. Qe2 Qc8 24. bxc6 bxc6 25. Rfb1 Qa6 26. Bf1 h6 27. Rb6 Qc8 28. Bg2
c5 29. d5 Ra6 30. dxe6 fxe6 31. Bb7 Rxb6 32. Rxb6 Qd7 33. Rxe6 Kf7 34. Bd5 Nxd5
35. cxd5 Bf8 36. Re5 Kg8 37. Qc4 Bd6 38. Re6 Bf8 39. Kg2 Qf7 40. Re5 Rd6 41. Re6
Rd7 42. d6 Rxd6 43. Re4 Qxc4 44. Rxc4 Rd3 45. Kf1 Rd1+ 46. Ke2 Rc1 47. Kd3 Rf1
48. Rf4 Rc1 49. Kd2 Rb1 50. Kc2 Rf1 51. Kb3 Rc1 52. Bd2 Rd1 53. Be3 Rd3+ 54. Kc2
Rd5 55. Ra4 Rh5 56. Rxa3 Rxh3 57. Ra8 Kf7 58. a4 Rh1 59. Kb2 Rd1 60. a5 c4 61.
a6 Rd3 62. a7 Ra3 63. Rxf8+ Kxf8 64. Kxa3 c3 65. a8=Q+ 1-0

[Event "Women's Speed Chess Q4"]
[Site "chess.com INT"]
[Date "2021.06.03"]
[Round "9"]
[White "Corrales Jimenez, Zenia"]
[Black "Nandhidhaa, P V"]
[Result "1-0"]
[WhiteTitle "WIM"]
[BlackTitle "WGM"]
[WhiteElo "2221"]
[BlackElo "2365"]
[WhiteFideId "3506355"]
[BlackFideId "5050847"]
[EventDate "2021.06.03"]

1. e4 g6 2. d4 Bg7 3. Nc3 d5 4. exd5 Nf6 5. Bc4 Nbd7 6. Nf3 O-O 7. O-O Nb6 8.
Bb3 Nbxd5 9. Nxd5 Nxd5 10. h3 a5 11. c4 Nb6 12. a4 c6 13. Re1 Be6 14. c5 Nd5 15.
Ng5 Bf5 16. Qf3 h6 17. Ne4 Bxe4 18. Qxe4 e6 19. Be3 Qd7 20. Bxd5 cxd5 21. Qd3 b6
22. Qb5 Rfd8 23. cxb6 Qxb5 24. axb5 Rdb8 25. Rec1 Rxb6 26. b4 Rxb5 27. bxa5
Rbxa5 28. Rxa5 Rxa5 29. Rc8+ Kh7 30. Rc7 f6 31. Re7 Ra6 32. g4 Kg8 33. Kg2 e5
34. h4 Rd6 35. h5 gxh5 36. gxh5 Kf8 37. Rb7 Re6 38. Kg3 Re7 39. Rb6 Kf7 40. Rd6
f5 41. Kg2 exd4 42. Bf4 Re4 43. Kg3 Be5 44. Bxe5 Rxe5 45. Kf4 Re2 46. f3 d3 47.
Rxd5 d2 48. Kxf5 Ke7 49. Kf4 Ke6 50. Rd3 Rh2 51. Kg4 Ke5 52. f4+ Ke4 53. Rd8
Rg2+ 54. Kh3 Rf2 55. Kg3 Ke3 56. Re8+ Kd3 57. Kxf2 d1=Q 58. Rd8+ Kc2 59. Rxd1
Kxd1 60. f5 Kd2 61. f6 Kd3 62. f7 Ke4 63. f8=Q Ke5 64. Qxh6 Kf5 65. Qg6+ Ke5 66.
h6 Kd4 67. h7 Kc3 68. h8=Q+ Kd2 69. Qd4+ Kc1 70. Qg1+ Kc2 71. Qgd1# 1-0

[Event "Women's Speed Chess Q4"]
[Site "chess.com INT"]
[Date "2021.06.03"]
[Round "9"]
[White "Vantika, Agrawal"]
[Black "Gaponenko, Inna"]
[Result "1/2-1/2"]
[WhiteTitle "WIM"]
[BlackTitle "IM"]
[WhiteElo "2286"]
[BlackElo "2357"]
[WhiteFideId "25050389"]
[BlackFideId "14101181"]
[EventDate "2021.06.03"]

1. Nf3 g6 2. g3 Bg7 3. d4 d6 4. Bg2 Nf6 5. O-O O-O 6. c4 Nc6 7. Nc3 e5 8. dxe5
dxe5 9. Bg5 Be6 10. Qc1 Qb8 11. Rd1 Nd7 12. Nd5 Bxd5 13. cxd5 Nd4 14. Nxd4 exd4
15. Bf4 Ne5 16. Bh6 Bxh6 17. Qxh6 c5 18. dxc6 Nxc6 19. Rac1 Rd8 20. b3 Qe5 21.
Qd2 Rac8 22. Rc4 Na5 23. Rxd4 Rxd4 24. Qxd4 Qxe2 25. Bh3 Rc2 26. Bg4 Qe7 27. h4
h5 28. Bf3 Nc6 29. Bxc6 bxc6 30. Qd8+ Qxd8 31. Rxd8+ Kg7 32. a4 Rb2 33. Rb8 c5
34. Rc8 Rxb3 35. Rxc5 Rb4 36. Ra5 Rb7 37. Ra6 f6 38. Kg2 Rf7 39. Kf3 Kh6 40. Ke4
g5 41. Kf5 gxh4 42. gxh4 Kg7 43. f3 Rc7 44. f4 Rd7 45. Ke6 Rc7 46. a5 Kg6 47.
f5+ Kg7 48. Kd6 Rb7 49. Ke6 Rc7 50. Rd6 Rc4 51. Rd7+ Kh6 52. Rxa7 Rxh4 53. Kxf6
Ra4 54. Ra8 Kh7 55. a6 h4 56. a7 h3 57. Rd8 Rxa7 58. Rd3 Ra6+ 59. Kg5 Kg7 60.
Rxh3 Rb6 61. Rc3 Kf7 62. Rc7+ Kf8 63. f6 Rb1 64. Rc8+ Kf7 65. Rc7+ Kf8 66. Kg6
Rg1+ 67. Kf5 Rf1+ 68. Ke6 Re1+ 69. Kf5 Rf1+ 70. Ke5 Re1+ 71. Kf4 Rf1+ 72. Kg5
Rg1+ 73. Kf5 Rf1+ 1/2-1/2

[Event "Women's Speed Chess Q4"]
[Site "chess.com INT"]
[Date "2021.06.03"]
[Round "9"]
[White "Nikolova, Adriana"]
[Black "Kanyamarala, Trisha"]
[Result "1/2-1/2"]
[WhiteTitle "WGM"]
[BlackTitle "WIM"]
[WhiteElo "2243"]
[BlackElo "2180"]
[WhiteFideId "2908689"]
[BlackFideId "45004722"]
[EventDate "2021.06.03"]

1. d4 Nf6 2. Bf4 d5 3. Nf3 e6 4. e3 c5 5. c3 Nc6 6. Nbd2 Bd6 7. Ne5 Qc7 8. Ndf3
Nd7 9. Nxd7 Bxd7 10. Bxd6 Qxd6 11. Bb5 O-O 12. O-O a6 13. Bxc6 Bxc6 14. Ne5 Bb5
15. Re1 f6 16. Nf3 Bc6 17. a4 Rad8 18. a5 e5 19. dxc5 Qxc5 20. Qd2 Qc4 21. Qc2
Qg4 22. h3 Qh5 23. Nd2 Kh8 24. b4 d4 25. cxd4 exd4 26. e4 d3 27. Qc5 Qg6 28. Re3
Rfe8 29. Rg3 Qh6 30. Rd1 Qf4 31. Rg4 Qe5 32. Qxe5 Rxe5 33. Nc4 Rb5 34. Rg3 Rxb4
35. Rgxd3 Rxd3 36. Rxd3 h6 37. Rd8+ Kh7 38. Nd6 Bxe4 39. Rd7 Bc6 40. Rc7 Kg6 41.
Kh2 Rd4 42. Nc8 Ra4 43. Ne7+ Kh7 44. Nxc6 bxc6 45. Rxc6 Rxa5 46. Rc7 Ra2 47. f3
a5 48. Ra7 Kg6 49. h4 a4 50. h5+ Kh7 51. Kg3 a3 52. Ra6 Kg8 53. Ra8+ Kf7 54.
Ra7+ Kf8 55. Kh3 Ra1 56. Kg4 a2 57. g3 Kg8 58. Kf4 Kf8 59. g4 Ke8 60. Ra8+ Ke7
61. Ra7+ Ke6 62. Ra6+ Kd5 63. Kf5 Kc4 64. Kg6 Kb3 65. Rb6+ Kc2 66. Rc6+ Kb2 67.
Rb6+ Kc2 68. Ra6 Kb2 69. Kxg7 Rf1 70. Rxa2+ Kxa2 71. Kxf6 Rxf3+ 72. Kg6 Rg3 73.
Kxh6 Rxg4 74. Kh7 Kb3 75. h6 Kc4 76. Kh8 Kd5 77. h7 Rh4 78. Kg7 Rg4+ 79. Kf7 Rh4
80. Kg7 Rg4+ 81. Kf6 Rf4+ 82. Kg6 Rh4 83. Kg7 1/2-1/2

[Event "Women's Speed Chess Q4"]
[Site "chess.com INT"]
[Date "2021.06.03"]
[Round "10"]
[White "Nikolova, Adriana"]
[Black "Li, Xueyi"]
[Result "1-0"]
[WhiteTitle "WGM"]
[BlackTitle "WGM"]
[WhiteElo "2243"]
[BlackElo "2328"]
[WhiteFideId "2908689"]
[BlackFideId "8605912"]
[EventDate "2021.06.03"]

1. e4 c6 2. d4 d5 3. Nc3 dxe4 4. Nxe4 Nf6 5. Nxf6+ exf6 6. c3 Bd6 7. Bd3 O-O 8.
Qc2 Re8+ 9. Ne2 h5 10. O-O Nd7 11. Be3 Nf8 12. Rae1 h4 13. h3 Be6 14. Nf4 Qc7
15. Nxe6 fxe6 16. Bd2 Bh2+ 17. Kh1 Bf4 18. Bxf4 Qxf4 19. Re4 Qh6 20. Rfe1 f5 21.
R4e2 Rad8 22. Bxf5 1-0

[Event "Women's Speed Chess Q4"]
[Site "chess.com INT"]
[Date "2021.06.03"]
[Round "10"]
[White "Belenkaya, Dina"]
[Black "Corrales Jimenez, Zenia"]
[Result "1-0"]
[WhiteTitle "WGM"]
[BlackTitle "WIM"]
[WhiteElo "2304"]
[BlackElo "2221"]
[WhiteFideId "24142654"]
[BlackFideId "3506355"]
[EventDate "2021.06.03"]

1. e4 c5 2. Nc3 Nc6 3. g3 g6 4. Bg2 Bg7 5. d3 e6 6. Be3 d6 7. Qd2 Nge7 8. Bh6
O-O 9. Nf3 Qa5 10. h4 Nd4 11. O-O-O b5 12. Kb1 b4 13. Ne2 Bxh6 14. Qxh6 Nxe2 15.
Ng5 1-0

[Event "Women's Speed Chess Q4"]
[Site "chess.com INT"]
[Date "2021.06.03"]
[Round "10"]
[White "Zakirova, Aisha"]
[Black "Zaichenko, Daria"]
[Result "1-0"]
[WhiteTitle "WCM"]
[BlackTitle "WFM"]
[WhiteElo "1585"]
[BlackElo "2104"]
[WhiteFideId "13719734"]
[BlackFideId "4197453"]
[EventDate "2021.06.03"]

1. d4 d5 2. c4 e6 3. Nf3 Be7 4. Nc3 Nf6 5. Bg5 h6 6. Bh4 O-O 7. Qc2 c5 8. cxd5
cxd4 9. Nxd4 Nxd5 10. Bxe7 Qxe7 11. Nxd5 exd5 12. e3 Bd7 13. Bd3 Nc6 14. Nxc6
bxc6 15. O-O c5 16. Rfd1 Be6 17. Rac1 Rac8 18. Bf5 Qg5 19. Bxe6 fxe6 20. Qa4 Rf7
21. Qa6 Qf6 22. Qxc8+ Rf8 23. Qxc5 Qxf2+ 24. Kh1 Qxb2 25. Rf1 Rf2 26. Rxf2 Qxf2
27. Qc8+ Kh7 28. Qc2+ Qxc2 29. Rxc2 1-0

[Event "Women's Speed Chess Q4"]
[Site "chess.com INT"]
[Date "2021.06.03"]
[Round "10"]
[White "Arpita, Mukherjee"]
[Black "Matveeva, Olga"]
[Result "0-1"]
[WhiteTitle "WIM"]
[BlackTitle "WIM"]
[WhiteElo "2206"]
[BlackElo "2145"]
[WhiteFideId "5056403"]
[BlackFideId "24107018"]
[EventDate "2021.06.03"]

1. e4 e6 2. d4 d5 3. Nd2 c5 4. exd5 Qxd5 5. Ngf3 cxd4 6. Bc4 Qd6 7. O-O Nf6 8.
Nb3 Nc6 9. Nbxd4 Nxd4 10. Nxd4 a6 11. c3 Qc7 12. Bb3 Bd6 13. h3 O-O 14. Bg5 Bh2+
15. Kh1 Be5 16. Nf3 Bf4 17. Bxf6 gxf6 18. Bc2 Rd8 19. Qe2 Bd7 20. Nh4 Bc6 21.
Rad1 f5 22. Qh5 Rxd1 23. Rxd1 Rd8 24. Rxd8+ Qxd8 25. Nxf5 exf5 26. Qxf5 Qg5 27.
Qxh7+ Kf8 28. Be4 Be5 29. Bxc6 Qc1# 0-1

[Event "Women's Speed Chess Q4"]
[Site "chess.com INT"]
[Date "2021.06.03"]
[Round "10"]
[White "Zaksaite, Salomeja"]
[Black "Priyanka, K"]
[Result "1-0"]
[WhiteTitle "WIM"]
[BlackTitle "WIM"]
[WhiteElo "2202"]
[BlackElo "2218"]
[WhiteFideId "12801496"]
[BlackFideId "5082986"]
[EventDate "2021.06.03"]

1. e4 c5 2. Nf3 d6 3. d4 cxd4 4. Nxd4 Nf6 5. Nc3 a6 6. Bc4 e6 7. Bb3 Nbd7 8. Bg5
h6 9. Bh4 Nc5 10. Qe2 Be7 11. O-O-O Qc7 12. Bxf6 gxf6 13. f4 b5 14. a3 Bb7 15.
f5 e5 16. Nf3 Nxb3+ 17. cxb3 b4 18. axb4 1-0

[Event "Women's Speed Chess Q4"]
[Site "chess.com INT"]
[Date "2021.06.03"]
[Round "10"]
[White "Vantika, Agrawal"]
[Black "Chitlange, Sakshi"]
[Result "1-0"]
[WhiteTitle "WIM"]
[BlackTitle "WIM"]
[WhiteElo "2286"]
[BlackElo "2167"]
[WhiteFideId "25050389"]
[BlackFideId "35002899"]
[EventDate "2021.06.03"]

1. Nf3 Nf6 2. g3 e6 3. Bg2 d5 4. O-O Be7 5. d3 O-O 6. Nbd2 c5 7. e4 Nc6 8. Re1
Re8 9. h4 b5 10. e5 Nd7 11. Nf1 a5 12. Bf4 b4 13. Ne3 Ba6 14. h5 a4 15. a3 Bb5
16. h6 g6 17. Ng4 Nb6 18. Qd2 Kh8 19. Bg5 Bxg5 20. Nxg5 Qc7 21. Qf4 Qe7 22.
Nxf7+ Kg8 23. Nf6+ 1-0

[Event "Women's Speed Chess Q4"]
[Site "chess.com INT"]
[Date "2021.06.03"]
[Round "10"]
[White "Torres Hernandez, Leslie Carolin"]
[Black "Varney, Zoe"]
[Result "1-0"]
[WhiteTitle "WFM"]
[BlackTitle "WCM"]
[WhiteElo "1884"]
[BlackElo "1917"]
[WhiteFideId "8400504"]
[BlackFideId "436135"]
[EventDate "2021.06.03"]

1. e4 e5 2. Nf3 Nc6 3. Bc4 Nf6 4. O-O Bc5 5. d3 a6 6. a4 d6 7. Bg5 h6 8. Bh4 g5
9. Bg3 Bg4 10. c3 Qe7 11. Nbd2 O-O-O 12. b4 Ba7 13. b5 Nb8 14. bxa6 bxa6 15. Rb1
Nh5 16. Qb3 Kd7 17. Bxa6 Nxa6 18. Qb5+ Ke6 19. Qxa6 Ra8 20. d4 Nxg3 21. hxg3 h5
22. Qc4+ Kf6 23. dxe5+ dxe5 24. Rb5 h4 25. Nxe5 Be6 26. Qd3 hxg3 27. Qxg3 Qf8
28. Nd7+ Bxd7 29. Qxg5+ Ke6 30. Qe5# 1-0

[Event "Women's Speed Chess Q4"]
[Site "chess.com INT"]
[Date "2021.06.03"]
[Round "10"]
[White "Head, Louise"]
[Black "Rakshitta, Ravi"]
[Result "0-1"]
[WhiteTitle "WFM"]
[BlackTitle "WIM"]
[WhiteElo "2090"]
[BlackElo "2190"]
[WhiteFideId "424773"]
[BlackFideId "25073230"]
[EventDate "2021.06.03"]

1. d4 Nf6 2. c4 Nc6 3. Nc3 e6 4. Nf3 Bb4 5. Bd2 Bxc3 6. Bxc3 d6 7. e3 Qe7 8. Bd3
O-O 9. Bc2 e5 10. dxe5 dxe5 11. O-O Bg4 12. h3 Bh5 13. Qb1 Bxf3 14. gxf3 Qe6 15.
Bf5 Qxc4 16. Rc1 Qh4 17. Kg2 Rad8 18. Qc2 Nd5 19. Be4 Nd4 20. Bxd4 exd4 21. Rd1
dxe3 22. Bxd5 Qg5+ 23. Kh2 Rxd5 24. Rxd5 Qxd5 25. fxe3 Qxf3 26. Rg1 Qxe3 27.
Qxc7 Re8 28. Rg2 Qe5+ 29. Qxe5 Rxe5 30. Kg3 Rg5+ 31. Kf3 Rxg2 32. Kxg2 f5 0-1